000 00618nam a22002417a 4500
003 UA-OsUOA
001 45803
007 ta
008 20070514b un ||||| |||| 00| 0 ukr d
100 _aГоголь Н.
090 _a821.161.2
_bГ58
942 _cBK
040 _aUA-OsUOA
_bukr
_cUA-OsUOA
_dUA-OsUOA
245 _aТарас Бульба
_bповість
300 _a161 с.
955 _a3
041 _aukr
080 _a821.161.2
020 _a966-578-114-6
260 _aК.
_bДніпро
_c2003
650 7 _a82 Література. Літературознавство
_2UDC
999 _c331904
_d331904